Porovnanie databázových technológií Apache Hive a IBM BigSQL bežiacich na Big data platforme Apache Hadoop

Saved in:
Bibliographic Details
Main Author: Hesko, Ján (Author)
Other Authors: Lehocki, Fedor (Thesis advisor)
Format: Manuscript Book
Language:Slovak
Published: 2016
Subjects:
Online Access:http://is.stuba.sk/zp/portal_zp.pl?podrobnosti=119889
Tags: Add Tag
No Tags, Be the first to tag this record!

MARC

LEADER 00000ntm a22000003a 4500
001 stuzp55612
003 SK-STU
005 20160824110810.6
007 ta
008 150427s2015----xo-----f-mn---000-0-slo-d
040 |a STU  |b slo 
041 0 |a slo 
044 |a xo 
100 1 |a Hesko, Ján  |u 035000  |k Z4  |4 aut  |U FEI Fakulta elektrotechniky a informatiky  |T FEI Ústav informatiky a matematiky  |X 8765  |U E050  |Y 816  |7 A000008765 
242 0 1 |a Comparison of database technologies Apache Hive and IBM BigSQL running IBM BigData platform Apache Hadoop  |y eng 
245 1 0 |a Porovnanie databázových technológií Apache Hive a IBM BigSQL bežiacich na Big data platforme Apache Hadoop 
260 |c 2016 
300 |a 46 s., príl.,   |b CD-ROM 
650 4 |a Hadoop  |2 slo 
650 4 |a HDFS  |2 slo 
650 4 |a Big data  |2 slo 
650 4 |a MapReduce  |2 slo 
650 4 |a Hive  |2 slo 
650 4 |a IBM BigSQL  |2 slo 
650 4 |a NoSQL  |2 slo 
650 4 |a HDFS  |2 eng 
650 4 |a MapReduce  |2 eng 
650 4 |a Big data  |2 eng 
650 4 |a Hadoop  |2 eng 
650 4 |a Hive  |2 eng 
650 4 |a IBM BigSQL  |2 eng 
650 4 |a NoSQL  |2 eng 
700 1 |a Lehocki, Fedor  |u 031000  |k Z1  |4 ths  |U FEI Fakulta elektrotechniky a informatiky  |T FEI Ústav robotiky a kybernetiky  |X 1888  |U E011  |Y 356  |7 000001888 
856 4 |u http://is.stuba.sk/zp/portal_zp.pl?podrobnosti=119889 
996 |b 284EP11521  |c E*DIPL- 11521  |l EE35  |s P  |a 0  |w stuzp55612_0001 
SQL |a stuzp55612  |b DDP  |c SLO  |d Porovnanie databázových technológií Apache Hive a IBM BigSQL bežiacich na Big data platforme Apache Hadoop  |e 8765  |f Hesko, Ján  |g 035000  |h 1888  |i Lehocki, Fedor  |j 20160615  |k 359  |l 03  |m http://is.stuba.sk/zp/portal_zp.pl?podrobnosti=119889  |n I-API  |o 9.2.9. aplikovaná informatika